| 000 | 00842nam a2200205 i 4500 | ||
|---|---|---|---|
| 001 | 43208 | ||
| 003 | ES-MaACL | ||
| 005 | 20250904063045.0 | ||
| 007 | t| | ||
| 008 | 030317s1950 sp ||||1| spa d | ||
| 100 | 1 |
_aCastro y Bravo, Federico de, _d1903-1983 _936965 |
|
| 245 | 1 | 0 |
_a¿Crisis de la sociedad anónima? _b: reflexiones sobre la proyectada reforma legislativa de la sociedad anónima / _cFederico de Castro y Bravo. |
| 260 |
_aMadrid : _bInstituto de Estudios Políticos, _c1950 ( _fGráficas González) |
||
| 300 |
_a28 p. ; _c24 cm. |
||
| 500 | _aEs separata del nº 49 (Vol. XXIV) de la Rev. de Estudios Políticos. P. 51-105. | ||
| 650 | 0 | 4 |
_aSociedades anónimas- _zEspaña. _917183 |
| 710 | 2 |
_aInstituto de Estudios Políticos (Madrid) _94924 |
|
| 852 |
_aES-MaACL _j1678-F-4 _bR.30178 |
||
| 999 |
_c43208 _d43208 |
||